BIOELEKTRICKÁ AKTIVITA KOŽE A HABITUÁCIA

Bibliographic Details
Main Author: Uherík, Anton, 1930- (Author)
Format: Article
Language:Slovak

MARC

LEADER 00000nab a2200000 a 4500
001 vtls011118645
003 SK-MaSNL
005 20260303145403.0
008 230222|1964 xo |||||||||||||||||slo|
015 |a SNBRB 
035 |a (uuid)17763f6a-d9c9-4ba3-bb29-628c89dba095 
035 |a (urnnbn)urn:nbn:sk:snk:ar-a08mul 
035 |a urn:nbn:sk:snk-ab9ovi 
040 |a SNKBUCL  |b slo  |c SNKBUCL  |e AACR2 
041 0 |a slo 
044 |a xo  |c SK 
100 1 |a Uherík, Anton,  |d 1930-  |4 aut  |9 319644 
245 1 0 |a BIOELEKTRICKÁ AKTIVITA KOŽE A HABITUÁCIA  |c Anton Uherík 
773 0 |t Psychologické štúdie  |g Roč. 6, č. 1 (1964), s. [101]-108 
954 |a odborná, vedecká literatúra pôvodná (slovenská)  |2 lita 
958 |a OND 
958 |a EUIPO 
958 |a article13 
999 |c 2002575  |d 2004505